| 000 | 00595nam a22001817a 4500 | ||
|---|---|---|---|
| 005 | 20250128104834.0 | ||
| 010 | _aENG-135778 | ||
| 020 |
_a9789352819720 _c800.00 |
||
| 035 | _aEN-119310 | ||
| 037 | _bDBAD | ||
| 082 | _a954.52 | ||
| 245 |
_aMaps of Dum dum And its environs: _ced by Moumita Saha _band its environs |
||
| 260 |
_aKolkata _bShyamal Kumar Ghosh _c2017 |
||
| 270 |
_a659 Jesssore Road, Green Park, Block A _bKolkata _e700055 _mdeshkal_kol@yahoo.com |
||
| 300 |
_a55p. _bReferences _c28cm(hbk) |
||
| 700 |
_aSaha, Moumita _977178 |
||
| 942 |
_2ddc _cEN _mMAP _h954.52 |
||
| 999 |
_c194105 _d194105 |
||